000 00874cab a2200253 4500
001 ABS45853
008 090401t xxu||||| |||| 00| 0 eng d
035 _a(Sirsi) u55478
041 _aeng
100 _aVarcoe, B.J.
245 _aProactive premises management - asset management
260 _c10(1) Winter 1991/1992, 10-16(7)
350 _a0
490 _aProperty Management
_v10(1) Winter 1991/1992, 10-16(7)
520 _aDescribes the proactive approach to asset management ie planning ahead rather than reacting to events. Covers planned maintenance and computer aided facilities management. References.
650 _aASSET MANAGEMENT
650 _aCOMPUTERS
650 _aFACILITIES MANAGEMENT
_96240
650 _aPLANNED MAINTENANCE
650 _aPREMISES MANAGEMENT
690 _aCOMMERCIAL PROPERTY-MANAGEMENT
942 _n0
948 _c04/03/1997
999 _c33894
_d33894